000
00342nam a2200145Ia 4500
008
191201s2009 xx 000 0 und d
082
_a
005.74
_b
ELF
100
_a
ELMASRI, Ramez
245
0
_a
Fundamentals of Database Systems
250
_a
5th
260
_a
N.Delhi
_b
PHI
_c
2009
300
_a
1143
650
_a
B.Tech(CSE)
942
_2
ddc
_c
BK
999
_c
3510
_d
3510